| 000 | 00542nam a2200205 i 4500 | ||
|---|---|---|---|
| 001 | bgj | ||
| 245 | 1 | 0 |
_aAkzente : _bZeitschrift für Dichtung. _chrsg. von Walter Höllerer und Hans Bender _n3/1961 / |
| 260 |
_aMünchen : _bCarl Hanser Verlag, _c1961. |
||
| 300 |
_aS. 229-285 ; _c23 cm. |
||
| 505 | _aSonderdruck | ||
| 650 | 9 | _aLiteratura | |
| 700 | 1 | _aHÖLLERER, Walter. | |
| 700 | 1 | _aBENDER, Hans. | |
| 040 | _cBPK | ||
| 041 | 0 | _ager | |
| 044 | _aDEU | ||
| 080 | _a82 | ||
| 942 | _cKS | ||
| 008 | s gw f |000 0 ger | ||
| 999 |
_c49972 _d49972 |
||
| 856 |
_uhttp://koha.tu.koszalin.pl/cgi-bin/koha/opac-detail.pl?biblionumber=49972 _yKatalog online BPK |
||